Interactions 2 (Student CD with Audio highlights) : Reading
Tallennettuna:
| Päätekijä: | |
|---|---|
| Aineistotyyppi: | Kirja |
| Kieli: | Undetermined |
| Julkaistu: |
New York
McGraw-Hill
2007
|
| Aiheet: | |
| Tagit: |
Lisää tagi
Ei tageja, Lisää ensimmäinen tagi!
|
| Thư viện lưu trữ: | Trung tâm Học liệu Trường Đại học Cần Thơ |
|---|
| LEADER | 00617nam a2200217Ia 4500 | ||
|---|---|---|---|
| 001 | CTU_182432 | ||
| 008 | 210402s9999 xx 000 0 und d | ||
| 082 | |a 428.0071 | ||
| 082 | |b I.61 | ||
| 100 | |a Hartmann, Pamela | ||
| 245 | 0 | |a Interactions 2 (Student CD with Audio highlights) : | |
| 245 | 0 | |b Reading | |
| 245 | 0 | |c Pamela Hartmann, Elaine Kirn | |
| 260 | |a New York | ||
| 260 | |b McGraw-Hill | ||
| 260 | |c 2007 | ||
| 650 | |a English language,College readers | ||
| 650 | |x textbooks for foreign speakers. | ||
| 910 | |a Nguyên | ||
| 915 | |a 400 | ||
| 980 | |a Trung tâm Học liệu Trường Đại học Cần Thơ | ||